American studies in transition (Record no. 119374)

MARC details
000 -LEADER
fixed length control field 00362nam a2200145Ia 4500
008 - FIXED-LENGTH DATA ELEMENTS--GENERAL INFORMATION
fixed length control field 230917s9999||||xx |||||||||||||| ||und||
040 ## - CATALOGING SOURCE
-- 42856
Original cataloging agency VIVEKANANDA LIBRARY
041 ## - Language
-- English
082 ## - DDC NUMBER
Classification number 973 F539A
100 ## - MAIN ENTRY--PERSONAL NAME
Personal name Fishwick, Marshall W, ed.
245 #0 - TITLE STATEMENT
Title American studies in transition
260 ## - PUBLICATION, DISTRIBUTION, ETC. (IMPRINT)
Place of publication, distribution, etc Madras
Name of publisher, distributor, etc Higinbothams
Date of publication, distribution, etc 1964
300 ## - PHYSICAL DESCRIPTION
Pages 341 p.
942 ## - ADDED ENTRY ELEMENTS (KOHA)
Koha item type Books
Holdings
Withdrawn status Lost status Damaged status Not for loan Location (home branch) Sublocation or collection (holding branch) Date acquired Koha issues (times borrowed) Koha full call number Accession No. Koha date last seen Koha item type
        VIVEKANANDA LIBRARY VIVEKANANDA LIBRARY 01/09/2003   973 F539A 21159 17/09/2023 Books
© Designed and Maintained by Vivekananda Library, MDU Rohtak